000 00507cam a22001934a 4500
005 20250605164156.0
008 250528s ||||||||||||||||||||||||d
035 _a19608
020 _a9609216803
040 _aGR-AtMCL
_bgre
_dGR-AtMCL
_eAACR2
245 1 _aΗ ΕΥΚΑΜΨΙΑ ΚΑΙ Η ΒΕΛΤΙΩΣΗ ΤΗΣ
250 _a1
260 _bΑυτοεκδοση,
_c2003
300 _a326
700 1 _aΖακας Αθανασιος Π
_95812
942 _cBK
999 _c4864
_d4864